Disaster Management/ (Record no. 167110)
[ view plain ]
| 000 -LEADER | |
|---|---|
| fixed length control field | 00544nam a22001817a 4500 |
| 005 - DATE AND TIME OF LATEST TRANSACTION | |
| control field | 20190903105305.0 |
| 010 ## - LCCN (DPL NO) | |
| LC control number | ENG-126401 |
| 020 ## - INTERNATIONAL STANDARD BOOK NUMBER | |
| Terms of availability | 600.00 |
| International Standard Book Number | 978-81-925575-4-6 |
| 035 ## - SYSTEM CONTROL NUMBER | |
| System control number | EN-109933 |
| 037 ## - SOURCE OF ACQUISITION | |
| Source of stock number/acquisition | DBAD/PUB |
| 082 ## - DEWEY DECIMAL CLASSIFICATION NUMBER | |
| Classification number | 363.348 |
| 100 ## - MAIN ENTRY--PERSONAL NAME | |
| Personal name | Saxena,Prasoon |
| 245 ## - TITLE STATEMENT | |
| Title | Disaster Management/ |
| Statement of responsibility, etc | by Prasoon Saxena |
| 260 ## - PUBLICATION, DISTRIBUTION, ETC. (IMPRINT) | |
| Place of publication, distribution, etc | New Delhi |
| Name of publisher, distributor, etc | Aryan Prakashan |
| Date of publication, distribution, etc | 2018 |
| 270 ## - ADDRESS | |
| City | New Delhi |
| Address | IIIrd Floor,H-1,48,Bengali Calony Mahaveer Enclave |
| Postal code | 110045 |
| 300 ## - PHYSICAL DESCRIPTION | |
| Extent | 152p. |
| Dimensions | 22cm(hb) |
| 942 ## - ADDED ENTRY ELEMENTS (KOHA) | |
| Source of classification or shelving scheme | Dewey Decimal Classification |
| Item type | English Books |
| Classification part | 363.348 |
| Call number suffix | SAX |
| Withdrawn status | Lost status | Not for loan | Collection code | Home library | Current library | Date acquired | Source of acquisition | Cost, normal purchase price | Full call number | Barcode | Copy number | Cost, replacement price | Koha item type |
|---|---|---|---|---|---|---|---|---|---|---|---|---|---|
| Non-fiction | D.B.Act.Division | Mobile Library | 03/09/2019 | DBAD/PUB | 600.00 | 306.954 SAR | EN-109933 | 1 | 600.00 | English Books |
